01131cam a2200301 a 450000100060000000300100000600500170001600700030003300800410003602000150007704000260009208400060011810000460012424501720017025000180034230000360036033600270039633700330042333800280045650000440048450400350052865000090056370000410057270000560061394200120066999900170068195201310069860503CO-BoRNBP20260217153509.0ta040824s2003 ck a g t 000 0 spa u a9586981207 aCO-BoBNbspacCO-BoBN a01 aAcero Duarte, Luis Enrique,d1952-96886311a[Guía para el cultivo, aprovechamiento y conservación de la uva camarona :bmacleania rupestris (H.B.K.) A. C. Smith /cLuis Enrique Acero D. & Henry Yesid Bernal] a1a. edición a43 p. :bil. fot. col. ;c28 cm 2rdacontentatextobtxt 2rdamediaasin mediaciónbn 2rdacarrieravolumenbnc aIlustraciones Laura V. Ruano Cáceres. aBibliografía: p. 28-30.b29. 2LEMB1 aBernal Malagón, Henry Yesid9688641 aRuano Cáceres, Laura Victoria,eilustrador,92733 2ddccBK c60503d60503 00102lcc40708GENaMEPCONCObMEPCONCOcGENd2026-02-17l0o634.88A12gpPCON01098r2026-02-17 15:31:00tEj.1w2026-02-17yBK